BIBLIOTHÈQUE DE LA MAISON DU MEXIQUE

Logo 1 Logo 2

Antología poética (notice nᵒ 2581)

détails MARC
000 -Sello discográfico
campo de control de longitud fija 00849nam a2200289 4500
005 - Identificación de versión
campo de control 20251017062706.0
035 ## - Otros números de control del sistema
Número de control del sistema 23558
099 ## - fechas locales
Tipo de ítem Koha LIBRO
100 ## - Datos de procesamiento general
Datos de procesamiento general 19980130d1984 m y1spay5003 ba
105 ## - Campo de datos codificados: Material textual, monográfico
Datos codificados de monografía y 001gy
200 1# - Título y mención de responsabilidad
Título propio Antología poética
Designación general del material texto impreso
Primer mención de responsabilidad Francisco Xavier Moreno Rojas
Declaración de responsabilidad subsiguiente presentación Elías Nandino
205 ## - Declaración de edición
Declaración de edición 1a ed
210 ## - Publicación, distribución, etc.
Lugar de publicación, distribución, etc. México
Nombre del editor, distribuidor, etc. Ediciones Ayeres
Fecha de publicación, distribución, etc. 1984
215 ## - Descripción física
Designación de material específico y extensión del ítem 58 p
Dimensiones 21 cm
345 ## - Nota de información de adquisición
Fuente de adquisición/dirección de la suscripción [OBSOLETO] Donación
606 ## - Término temático usado como materia
Elemento de entrada Poesía mexicana
Subdivisión cronológica Siglo XX
Número Koha 10
660 ## - Código de área geográfica
Código MX
700 ## - Nombre personal - Responsabilidad primaria
Elemento de entrada Moreno Rojas
Parte del nombre distinta del elemento de entrada Francisco Xavier
Fechas 1895-1970
Número Koha 5866
702 ## - Nombre personal - Responsabilidad secundaria
Elemento de entrada Nandino Vallarta
Parte del nombre distinta del elemento de entrada Elías
Fechas 1900-1993
Número Koha 2228
801 #0 - Fuente de origen
Agencia cm
900 ## -
-- 1/15528
900 ## -
-- 710987095\\300198
942 ## - ELEMENTOS DE ENTRADA SECUNDARIOS (KOHA)
Tipo de ítem Koha Livre
996 ## -
-- MEX
-- 751145101
-- MMAG
-- 009882
-- 861.4 M843AN
-- 20240305LIV
Exemplaires
Estatus retirado Estado de daño Estado de pérdida Fecha de adquisición Biblioteca de origen Biblioteca actual Ubicación en estantería Código de barras Precio de reemplazo Signatura topográfica completa No para préstamo Tipo de ítem Koha Nota pública Nota no pública
      05/08/2025 Casa México Paris Casa México Paris   009882 05/08/2025 861.4 M843AN   Livre 20240305LIV 751145101